[Event "Barbera del Valles op 28th"]
[Site "Barbera del Valles"]
[Date "2005.07.12"]
[Round "9"]
[White "Sanchez Romero, Miguel Andres"]
[Black "Hernandez Casillas, Joan Josep"]
[Result "0-1"]
[WhiteElo "2197"]
[BlackElo "2200"]
[PlyCount "122"]
[EventDate "2005.07.04"]
[EventType "swiss"]
[EventRounds "9"]
[EventCountry "ESP"]
[SourceTitle "CBM 107 Extra"]
[Source "ChessBase"]
[SourceDate "2005.09.01"]
[SourceVersion "1"]
[SourceVersionDate "2005.09.01"]
[SourceQuality "1"]

1. e4 e6 2. d4 d5 3. Nc3 Nf6 4. Bg5 Be7 5. Bxf6 Bxf6 6. Nf3 dxe4 7. Nxe4 Nd7 8. Bd3 0-0 9. Qe2 b6 10. 0-0-0 Bb7 11. h4 a5 12. Rh3 a4 13. Nfg5 h6 14. c3 Ra5 15. Nh7 Re8 16. g4 Bxh4 17. f4 f5 18. g5 fxe4 19. Rxh4 Kxh7 20. Bxe4+ Bxe4 21. Qxe4+ Rf5 22. Rdh1 Qe7 23. Qc6 Kg8 24. gxh6 g6 25. h7+ Kh8 26. Qxc7 b5 27. Rg4 Nf8 28. Qc6 Rd8 29. a3 Qd6 30. Qe4 Qd5 31. Qxd5 Rdxd5 32. Rh2 Rd7 33. Kc2 Rxh7 34. Re2 Rh3 35. b3 axb3+ 36. Kxb3 Kg7 37. Re5 Kf6 38. Kb4 Rh1 39. Kxb5 Rf1 40. a4 Rb1+ 41. Kc6 Rc1 42. Rg3 Rxf4 43. Rc5 Ra1 44. a5 Rf5 45. Kb5 Rb1+ 46. Kc6 Ra1 47. Kb5 Nd7 48. Rxf5+ gxf5 49. c4 f4 50. Rf3 Kf5 51. c5 Nf6 52. c6 Nd5 53. Ka6 Ke4 54. Rc3 Kxd4 55. c7 Nxc7+ 56. Rxc7 f3 57. Rc2 e5 58. Kb6 e4 59. a6 e3 60. a7 e2 61. Rc1 Rxa7 0-1

[Event "Barbera del Valles op 28th"]
[Site "Barbera del Valles"]
[Date "2005.07.10"]
[Round "7"]
[White "Sanchez Romero, Miguel Andres"]
[Black "Carstensen, Jacob"]
[Result "1/2-1/2"]
[WhiteElo "2197"]
[BlackElo "2324"]
[PlyCount "62"]
[EventDate "2005.07.04"]
[EventType "swiss"]
[EventRounds "9"]
[EventCountry "ESP"]
[SourceTitle "CBM 107 Extra"]
[Source "ChessBase"]
[SourceDate "2005.09.01"]
[SourceVersion "1"]
[SourceVersionDate "2005.09.01"]
[SourceQuality "1"]

1. e4 c5 2. Nc3 Nc6 3. Nf3 e6 4. Bb5 Nd4 5. Nxd4 cxd4 6. Ne2 Nf6 7. Ng3 h5 8. h4 Bd6 9. Qf3 Be5 10. c3 g6 11. Ne2 dxc3 12. bxc3 a6 13. d4 axb5 14. Bg5 Qc7 15. dxe5 Ng4 16. Qf4 Rg8 17. 0-0 Qxe5 18. f3 Qxf4 19. Bxf4 Nf6 20. Nd4 Ra5 21. Rab1 d5 22. Nxb5 Kd7 23. Be5 Ne8 24. Rfe1 f6 25. Bg3 g5 26. Rb2 gxh4 27. Bxh4 Kc6 28. Nd4+ Kc7 29. Nb5+ Kc6 30. Nd4+ Kc7 31. Nb5+ Kc6 1/2-1/2

[Event "Barbera del Valles op 28th"]
[Site "Barbera del Valles"]
[Date "2005.07.07"]
[Round "4"]
[White "Sanchez Romero, Miguel Andres"]
[Black "Perpinya Rofes, Lluis Maria"]
[Result "1-0"]
[WhiteElo "2197"]
[BlackElo "2381"]
[PlyCount "111"]
[EventDate "2005.07.04"]
[EventType "swiss"]
[EventRounds "9"]
[EventCountry "ESP"]
[SourceTitle "CBM 107 Extra"]
[Source "ChessBase"]
[SourceDate "2005.09.01"]
[SourceVersion "1"]
[SourceVersionDate "2005.09.01"]
[SourceQuality "1"]

1. d4 Nf6 2. Bg5 d5 3. Nd2 Nbd7 4. e3 c5 5. c3 Qb6 6. Qb3 e6 7. Qxb6 Nxb6 8. Bd3 Nbd7 9. Ngf3 b6 10. 0-0 Bb7 11. Bf4 Nh5 12. Rfe1 Be7 13. h3 Nxf4 14. exf4 g6 15. Ne5 a6 16. Ndf3 Nf6 17. Re3 Ne4 18. Nc4 cxd4 19. cxd4 dxc4 20. Bxe4 Bxe4 21. Rxe4 Rc8 22. Rd1 0-0 23. d5 Rfd8 24. Red4 Bf6 25. Ne5 exd5 26. Rxd5 b5 27. Rd7 Rxd7 28. Rxd7 Rd8 29. Ng4 Bh4 30. Rc7 Kg7 31. g3 Rd1+ 32. Kg2 Bd8 33. Rc6 Rd2 34. b3 Rxa2 35. bxc4 b4 36. Rc8 Bb6 37. Rb8 Bc5 38. Rc8 b3 39. Rb8 b2 40. Ne5 Bxf2 41. Nd3 Bd4 42. Kf3 Ra1 43. Nxb2 Rb1 44. c5 Bxc5 45. Rc8 Be7 46. Nd3 a5 47. Ra8 Ra1 48. Ra7 Bf6 49. Ne5 Ra3+ 50. Ke4 Bxe5 51. fxe5 Rxg3 52. e6 Rxh3 53. Rxf7+ Kg8 54. Ke5 Re3+ 55. Kf6 a4 56. Rg7+ 1-0

[Event "Barbera del Valles op 28th"]
[Site "Barbera del Valles"]
[Date "2005.07.04"]
[Round "1"]
[White "Janev, Evgeni"]
[Black "Sanchez Romero, Miguel Andres"]
[Result "0-1"]
[WhiteElo "2460"]
[BlackElo "2197"]
[PlyCount "60"]
[EventDate "2005.07.04"]
[EventType "swiss"]
[EventRounds "9"]
[EventCountry "ESP"]
[SourceTitle "CBM 107 Extra"]
[Source "ChessBase"]
[SourceDate "2005.09.01"]
[SourceVersion "1"]
[SourceVersionDate "2005.09.01"]
[SourceQuality "1"]

1. e4 g6 2. d4 Bg7 3. Nc3 d6 4. Be3 c6 5. Qd2 Nd7 6. f4 Ngf6 7. Nf3 b5 8. e5 b4 9. Nd1 Nd5 10. Bd3 0-0 11. 0-0 c5 12. Bf2 cxd4 13. exd6 Bh6 14. Bh4 N7f6 15. dxe7 Qxe7 16. Nxd4 Qc5 17. c3 bxc3 18. bxc3 Nh5 19. Bg5 Bg7 20. Kh1 h6 21. Nb3 Qc7 22. Be4 hxg5 23. Bxd5 Rd8 24. fxg5 Be6 25. Bxa8 Rxd2 26. Nxd2 Qd8 27. Bf3 Qxd2 28. Nf2 Bxc3 29. Ne4 Qe3 30. Rac1 Ba5 0-1

[Event "Benidorm Bali op-A"]
[Site "Benidorm"]
[Date "2003.11.24"]
[Round "4"]
[White "Sanchez Romero, Miguel Andres"]
[Black "Vazquez Gonzalez, Francisco"]
[Result "1/2-1/2"]
[WhiteElo "2199"]
[BlackElo "2123"]
[PlyCount "103"]
[EventDate "2003.11.21"]
[EventType "swiss"]
[EventRounds "9"]
[EventCountry "ESP"]
[SourceTitle "CBM 097 Extra"]
[Source "ChessBase"]
[SourceDate "2004.01.13"]
[SourceVersion "1"]
[SourceVersionDate "2004.01.13"]
[SourceQuality "1"]

1. d4 f5 2. Bg5 Nf6 3. Bxf6 exf6 4. e3 d5 5. Ne2 Bd6 6. g3 c6 7. Nd2 Be6 8. Bg2 Qe7 9. Rc1 Nd7 10. c4 dxc4 11. 0-0 Nb6 12. Nf4 Bf7 13. Re1 0-0 14. Qc2 g6 15. Bf1 Bb4 16. Red1 g5 17. Ng2 Bxd2 18. Qxd2 Rfd8 19. Qc2 Qe4 20. Ne1 Bd5 21. Qxe4 fxe4 22. Rd2 Rf8 23. Nc2 c3 24. bxc3 Bxa2 25. Na3 Bf7 26. c4 Rfe8 27. Rb2 Re7 28. c5 Nc8 29. Nc4 Bxc4 30. Bxc4+ Kg7 31. d5 cxd5 32. Bxd5 Rb8 33. g4 b5 34. Ra1 Re5 35. Rd2 h5 36. h3 hxg4 37. hxg4 Kg6 38. Rd4 f5 39. Ra6+ Kg7 40. gxf5 Rxf5 41. c6 Rb6 42. Ra1 b4 43. Be6 Rf8 44. Bxc8 Rxc8 45. Rxa7+ Kf6 46. Rb7 Rcxc6 47. Rxb4 Rxb4 48. Rxb4 Re6 49. Rb5 Re8 50. Kg2 Rh8 51. Kg3 Rh1 52. Ra5 1/2-1/2

[Event "Benidorm Bali op-A"]
[Site "Benidorm"]
[Date "2003.11.22"]
[Round "2"]
[White "Sanchez Romero, Miguel Andres"]
[Black "Vea, Odin Blikra"]
[Result "1-0"]
[WhiteElo "2199"]
[BlackElo "2075"]
[PlyCount "65"]
[EventDate "2003.11.21"]
[EventType "swiss"]
[EventRounds "9"]
[EventCountry "ESP"]
[SourceTitle "CBM 097 Extra"]
[Source "ChessBase"]
[SourceDate "2004.01.13"]
[SourceVersion "1"]
[SourceVersionDate "2004.01.13"]
[SourceQuality "1"]

1. d4 f5 2. Bg5 g6 3. Nc3 Bg7 4. e4 fxe4 5. Nxe4 d5 6. Ng3 c5 7. Nf3 Nc6 8. Bd3 Nxd4 9. Nxd4 Bxd4 10. c3 Bf6 11. h4 Qb6 12. Qc2 Bd7 13. Bxg6+ hxg6 14. Qxg6+ Kf8 15. 0-0-0 Bxg5+ 16. Qxg5 Nf6 17. Rhe1 Be6 18. Nf5 Bxf5 19. Qxf5 Rh5 20. Qg6 Qd8 21. g4 Rh7 22. g5 Qe8 23. Qf5 Qd7 24. Re6 Rf7 25. gxf6 d4 26. Qh5 Rxf6 27. Rxf6+ exf6 28. Qh8+ Kf7 29. Qxa8 Qc7 30. Qxa7 Qf4+ 31. Rd2 Qe4 32. Qxc5 d3 33. Qe3 1-0

[Event "Mislata op-B 11th"]
[Site "Mislata"]
[Date "2003.??.??"]
[Round "2.1"]
[White "Hildebrand, Dominic"]
[Black "Sanchez Romero, Miguel Andres"]
[Result "0-1"]
[WhiteElo "1850"]
[BlackElo "2199"]
[PlyCount "68"]
[EventDate "2003.08.19"]
[EventType "swiss"]
[EventRounds "9"]
[EventCountry "ESP"]
[SourceTitle "EXT 2004"]
[Source "ChessBase"]
[SourceDate "2003.11.25"]
[SourceVersion "1"]
[SourceVersionDate "2003.11.25"]
[SourceQuality "1"]

1. Nf3 Nf6 2. d4 c5 3. c3 e6 4. Bg5 d5 5. e3 Be7 6. Nbd2 0-0 7. Bd3 b6 8. Ne5 Bb7 9. f4 Ne4 10. Bxe7 Qxe7 11. 0-0 Nd7 12. Rf3 Nxe5 13. fxe5 f5 14. exf6 Nxf6 15. Qe2 e5 16. Rf2 Rae8 17. Bb5 Rc8 18. Nf3 Ng4 19. Rff1 e4 20. Nd2 Qg5 21. Rae1 Rxf1+ 22. Nxf1 Rf8 23. Bd7 Nf2 24. Ng3 Nd3 25. Rf1 Rxf1+ 26. Nxf1 Ba6 27. Be6+ Kf8 28. Ng3 Ke7 29. Bh3 g6 30. Nf1 Bc4 31. b3 Nc1 32. Qb2 Ne2+ 33. Kh1 Qf6 34. g3 Qf2 0-1

[Event "Mislata op-B 11th"]
[Site "Mislata"]
[Date "2003.??.??"]
[Round "8.6"]
[White "Martinez Martinez, Jesus"]
[Black "Sanchez Romero, Miguel Andres"]
[Result "0-1"]
[WhiteElo "2034"]
[BlackElo "2199"]
[PlyCount "154"]
[EventDate "2003.08.19"]
[EventType "swiss"]
[EventRounds "9"]
[EventCountry "ESP"]
[SourceTitle "EXT 2004"]
[Source "ChessBase"]
[SourceDate "2003.11.25"]
[SourceVersion "1"]
[SourceVersionDate "2003.11.25"]
[SourceQuality "1"]

1. Nf3 c5 2. c4 g6 3. Nc3 Nc6 4. g3 Bg7 5. Bg2 e5 6. d3 Nge7 7. 0-0 0-0 8. Bd2 h6 9. Qc1 Kh7 10. h3 d6 11. Ne1 Be6 12. e4 Nd4 13. Qd1 Nec6 14. Kh2 f5 15. Nd5 Qd7 16. a3 Rf7 17. b4 Raf8 18. f3 f4 19. g4 Bf6 20. Nxf6+ Rxf6 21. b5 Nb8 22. Rh1 R6f7 23. Nc2 Nb3 24. Rb1 Nxd2 25. Qxd2 Qd8 26. a4 h5 27. Kg1 Rh8 28. Kf2 Kg8 29. gxh5 Rxh5 30. Rbg1 Rfh7 31. Ne1 Kf7 32. Ke2 Bxh3 33. Bxh3 Rxh3 34. Rxh3 Rxh3 35. Kd1 Nd7 36. Qg2 Rg3 37. Qh2 Rxg1 38. Qxg1 Qa5 39. Qg4 Qd8 40. Qh3 Nf8 41. Qg2 Ne6 42. Qh3 Nf8 43. Qh2 Qa5 44. Qh3 Qc7 45. Ke2 Qd7 46. Qh2 Kg7 47. Kf1 Ne6 48. Qh3 Nf8 49. Qh2 Qe7 50. Qh3 Qe6 51. Qh4 Qf6 52. Qh3 Ne6 53. Kf2 Kf7 54. Qh7+ Qg7 55. Qh3 Ke7 56. a5 a6 57. bxa6 bxa6 58. Kf1 Qg8 59. Qg2 Nd4 60. Qb2 Qc8 61. Qh2 Qg8 62. Qb2 Qe6 63. Qh2 g5 64. Qh7+ Qf7 65. Qh6 Ne6 66. Qh2 Nd4 67. Qh6 Qf6 68. Qh7+ Kf8 69. Kf2 Qg7 70. Qh3 Qc7 71. Qh8+ Ke7 72. Qg7+ Kd8 73. Qxg5+ Kc8 74. Qg8+ Kb7 75. Qd5+ Ka7 76. Qg8 Qxa5 77. Qf7+ Kb6 0-1